| 000 | 01594nam2a22002771 4500 | ||
|---|---|---|---|
| 001 | rc\4809453 | ||
| 005 | 20250612190055.0 | ||
| 021 |
_aRU _b66-89571 |
||
| 021 |
_aRU _b66-89572 |
||
| 021 |
_aRU _bРг972-67 |
||
| 021 |
_aRU _b66-89574 |
||
| 035 | _a(NLR Aleph) 008795519 | ||
| 090 |
_a8068720 _c8068720 |
||
| 100 | _a20130426d1965 |||y0rusy50 ca | ||
| 101 | 0 | _arus | |
| 102 | _aRU | ||
| 105 | _aa z ||||| | ||
| 200 | 1 |
_aЭлектрооборудование буровой установки "Уралмаш-4Э-61" _fРСФСР. Уральский ордена Ленина, ордена Красного Знамени и ордена Труд. Красного Знамени завод тяжелого машиностроения им. С. Орджоникидзе |
|
| 210 |
_d1965 _aБ. м. |
||
| 215 |
_a36 с. _cчерт. |
||
| 461 | 0 |
_1001rc\4809439 _12001#$aБуровые установки$eРуководство по эксплуатации$eВып. 2-61$fУральский завод тяжелого машиностроения им. С. Орджоникидзе. Уралмашзавод. НИИТяжмаш$vВып. 20-61 _98068639 _cСвердловск _d1965 _fУральский завод тяжелого машиностроения им. С. Орджоникидзе. Уралмашзавод. НИИТяжмаш _nБ. и. _oРуководство по эксплуатации : Вып. 2-61 _tБуровые установки _vВып. 20-61 |
|
| 801 | 0 |
_aRU _bNLR _gpsbo |
|
| 801 | 1 |
_aRU _bELAR _2rusmarc |
|
| 852 |
_aNLR _j65-6/4731 |
||
| 942 | _cBOOK | ||
| 980 | _aNB | ||